02029nas a22003017a 450000500170000000800410001704000130005811000610007124500720013226000530020430000120025731000140026936200190028350000820030250001110038465000840049565100440057965500300062371000610065385601320071485601350084685601250098185601250110685601250123185601250135685601230148185601230160420260512111952.0260512c1917 porur|p s ||| 00| 0 por d cBR-ViAPE aInstituto Histórico e Geográfico do Espírito Santo aRevista do Instituto Histórico e Geográfico do Espírito Santo aVitóriabOfficinas da Imprensa Estadualc1917- av.bil. airregular aAno 1, n. 1 -  aColeção incompleta: disponíveis apenas alguns números do periódico. aDocumento digitalizado do acervo institucional do Arquivo Público do Estado do Espírito Santo - APEES. aHistóriavCultura capixabavMemória socialvImigraçãozEspírito Santo aEspírito Santo (Brasil)vPeriódicos aPeriódicos históricos aInstituto Histórico e Geográfico do Espírito Santo uhttps://ape.es.gov.br/Media/ape/PDF/Revista%20IHGES/Revista01.pdfz CLIQUE AQUI PARA ACESSAR O PERIÓDICO - Ano 1, n. 1 (1917) uhttps://ape.es.gov.br/Media/ape/PDF/Revista%20IHGES/Revista02%20.pdfz CLIQUE AQUI PARA ACESSAR O PERIÓDICO - Ano 2, n. 2 (1922) uhttps://ape.es.gov.br/Media/ape/PDF/Revista%20IHGES/03.pdfz CLIQUE AQUI PARA ACESSAR O PERIÓDICO - Ano 2, n. 3 (1922) uhttps://ape.es.gov.br/Media/ape/PDF/Revista%20IHGES/04.pdfz CLIQUE AQUI PARA ACESSAR O PERIÓDICO - Ano 4, n. 4 (1925) uhttps://ape.es.gov.br/Media/ape/PDF/Revista%20IHGES/05.pdfz CLIQUE AQUI PARA ACESSAR O PERIÓDICO - Ano 5, n. 5 (1926) uhttps://ape.es.gov.br/Media/ape/PDF/Revista%20IHGES/06.pdfz CLIQUE AQUI PARA ACESSAR O PERIÓDICO - Ano 6, n. 6 (1927) uhttps://ape.es.gov.br/Media/ape/PDF/Revista%20IHGES/07.pdfz CLIQUE AQUI PARA ACESSAR O PERIÓDICO - n. 7 (mar. 1934) uhttps://ape.es.gov.br/Media/ape/PDF/Revista%20IHGES/08.pdfz CLIQUE AQUI PARA ACESSAR O PERIÓDICO - n. 8 (abr. 1935)